| 000 | 00000nam##2200000za#4500 |
| 001 | 9.644240 |
| 003 | CaOODSP |
| 005 | 20210624224543 |
| 007 | cr ||||||||||| |
| 008 | 150407|2007||||xxc|||||o f|0| 0 fre|d |
| 040 | |aCaOODSP|bfre |
| 043 | |an-cn--- |
| 086 | 1 |aR5-37/2007F-PDF |
| 110 | 1 |aCanada.|bAffaires indiennes et du Nord. |
| 245 | 10|aÉvaluation formative du Programme d'éducation spéciale du ministère d'Affaires indiennes et du Nord Canada / |h[ressource électronique]|c[publié par la] Direction générale de l'évaluation, de la mesure du rendement et de l'examen. |
| 260 | |aOttawa - Ontario : |bAffaires indiennes et du Nord |c19 décembre 2007. |
| 300 | |a52p.|btableaux |
| 590 | |a15-02-Supp|b2015-02-16 |
| 691 | 07|aÉducation|2gcpds |
| 691 | 07|aHandicap|2gcpds |
| 691 | 07|aJeune autochtone|2gcpds |
| 775 | 08|tFormative evaluation of the Department of Indian and Northern Affairs Canada - Special Education Program / |w(CaOODSP)9.700343 |
| 856 | 40|ahttp://publications.gc.ca|qPDF|s785 Ko|uhttps://publications.gc.ca/collections/collection_2015/aadnc-aandc/R5-37-2007-fra.pdf |
| 986 | |aProjet 06/008 |